000 00616cam a22002053a 4500
001 41756
003 PGUSA
005 20140828083937.0
008 130102s2013||||xxu|||||s|||||000 | eng d
040 _aPGUSA
_beng
042 _adc
100 1 _aSteiner, Edward A.,
_d1866-1956
245 1 0 _aAgainst the Current :
_bSimple Chapters from A Complex Life
_h[electronic resource] /
_cEdward A. Steiner
260 _bProject Gutenberg,
_c2013
506 _aPublic domain in the USA.
516 _aElectronic text
830 0 _aProject Gutenberg
_v41756
856 4 0 _uhttp://www.gutenberg.org/ebooks/41756
942 _cEB
999 _c271008
_d271008